000 00546nam a2200193Ia 4500
005 20260120124618.0
008 008 260114s9999 xx 000 0 eng d
020 _a9780762313877
037 _aEBOOK
040 _aCRL
_beng
_cCRL
041 _aeng
_2eng
084 _qCRL
245 0 _aAdvances in Management Accounting
260 _bEmerald Publishing
_c2007
700 _aJohn Y. Lee
_9908374
856 _uhttps://www.emerald.com/insight/publication/doi/10.1016/S1474-7871(2007)16
942 _cEBOOK
999 _c1500267
_d1500267